Reservation politics in India : mandalisation of the society (Record no. 378592)

000 -LEADER
fixed length control field 00542cam a22001697a 4500
008 - FIXED-LENGTH DATA ELEMENTS--GENERAL INFORMATION
fixed length control field 180718b1995 xxu||||| |||| 00| 0 eng d
020 ## - INTERNATIONAL STANDARD BOOK NUMBER
International Standard Book Number 8171008089
082 ## - DEWEY DECIMAL CLASSIFICATION NUMBER
Classification number BA27x54 G646
100 ## - MAIN ENTRY--PERSONAL NAME
Personal name Gopal Singh
245 ## - TITLE STATEMENT
Title Reservation politics in India : mandalisation of the society
Statement of responsibility, etc. by Gopal Singh and Hari Lal Sharma
260 ## - PUBLICATION, DISTRIBUTION, ETC.
Place of publication, distribution, etc. New Delhi
Name of publisher, distributor, etc. Deep & Deep
Date of publication, distribution, etc. 1995
300 ## - PHYSICAL DESCRIPTION
Extent 174p.
650 ## - SUBJECT ADDED ENTRY--TOPICAL TERM
Topical term or geographic name entry element Equality before the law --India.
650 ## - SUBJECT ADDED ENTRY--TOPICAL TERM
Topical term or geographic name entry element Dalits --India
650 ## - SUBJECT ADDED ENTRY--TOPICAL TERM
Topical term or geographic name entry element People with social disabilities --India
700 ## - ADDED ENTRY--PERSONAL NAME
Personal name Sharma, Hari Lal
Holdings
Withdrawn status Lost status Damaged status Not for loan Permanent Location Current Location Date acquired Full call number Barcode Date last seen Price effective from Koha item type
        Indian Institute of Public Administration Indian Institute of Public Administration 1995-12-21 BA27x54 G646 70171 2018-07-21 2018-07-21 Book

Powered by Koha